Library Banner

عبدالرحمن چغتائی (Record no. 80802)

MARC details
000 -LEADER
fixed length control field 00396nam a22001337a 4500
005 - DATE AND TIME OF LATEST TRANSACTION
control field 20151209114311.0
008 - FIXED-LENGTH DATA ELEMENTS--GENERAL INFORMATION
fixed length control field 151209b xxu||||| |||| 00| 0 eng d
040 ## - CATALOGING SOURCE
Transcribing agency PK-LaUMT
082 ## - DEWEY DECIMAL CLASSIFICATION NUMBER
Classification number MSC 700.92
Item number ABD-
245 ## - TITLE STATEMENT
Title عبدالرحمن چغتائی
Remainder of title شخصیت اور فن
Statement of responsibility, etc وزیر آغا(مرتبہ
260 ## - PUBLICATION, DISTRIBUTION, ETC. (IMPRINT)
Place of publication, distribution, etc لاہور
Name of publisher, distributor, etc مجلس ترقی ادب
Date of publication, distribution, etc 1980
300 ## - PHYSICAL DESCRIPTION
Extent 377 ص
942 ## - ADDED ENTRY ELEMENTS (KOHA)
Koha item type Books
Holdings
Withdrawn status Lost status Damaged status Home library Current library Date acquired Full call number Barcode Date last seen Price effective from Koha item type
      UMT Main Campus UMT Main Campus 2015-12-09 MSC 700.92 ABD- 95190 2015-12-09 2015-12-09 Books